|
|
|
|
| LEADER |
00000nam0a2200000 4500 |
| 001 |
125488 |
| 005 |
20231031131358.0 |
| 010 |
|
|
|a 9780824709884
|
| 035 |
|
|
|a (RuTPU)RU\TPU\book\135791
|
| 090 |
|
|
|a 125488
|
| 100 |
|
|
|a 20071116d2003 k y0engy50 ba
|
| 101 |
0 |
|
|a eng
|
| 102 |
|
|
|a US
|
| 105 |
|
|
|a a z 001zy
|
| 200 |
1 |
|
|a Ceramic Processing and Sintering
|f M. N. Rahaman
|
| 205 |
|
|
|a 2nd ed.
|
| 210 |
|
|
|a Boca Raton
|c Taylor & Francis
|d 2003
|
| 215 |
|
|
|a 875 p.
|c il.
|
| 320 |
|
|
|a Index: p. 861-875.
|
| 610 |
1 |
|
|a химическая технология
|
| 610 |
1 |
|
|a керамика
|
| 610 |
1 |
|
|a керамические изделия
|
| 610 |
1 |
|
|a керамические материалы
|
| 610 |
1 |
|
|a керамическое производство
|
| 610 |
1 |
|
|a отходы
|
| 610 |
1 |
|
|a английский язык
|
| 675 |
|
|
|a 666.6
|v 3
|
| 700 |
|
1 |
|a Rahaman
|b M. N.
|
| 801 |
|
1 |
|a RU
|b 63413507
|c 20071116
|g PSBO
|
| 801 |
|
2 |
|a RU
|b 63413507
|c 20071127
|g PSBO
|
| 942 |
|
|
|c BK
|